[Event "Festival INGEM - PLZEŇ 2012"]
[Site "Plzeň (Česká republika)"]
[Date "2012.08.21"]
[Round "5.5"]
[White "Piankov, Evgenij"]
[Black "Bartosek, Ivan"]
[Result "1-0"]
[WhiteElo "2338"]
[BlackElo "1941"]
[PlyCount "71"]
[EventDate "2012.08.18"]
[Source "ChessBase"]
[SourceDate "1996.11.15"]

1. d4 e6 2. Nf3 d5 3. c4 Nf6 4. Qc2 b6 5. Bg5 Be7 6. e3 Bb7 7. Nbd2 Nbd7 8. Bd3
h6 9. Bh4 O-O 10. O-O c5 11. Rfd1 dxc4 12. Bxc4 cxd4 13. exd4 Rc8 14. Qb3 Nd5
15. Bg3 N7f6 16. h3 Bd6 17. Ne5 Nh5 18. Bh2 Ndf4 19. Bf1 Bb8 20. g4 Bxe5 21.
dxe5 Qg5 22. Nf3 Qg6 23. Rd4 f5 24. Bxf4 Nxf4 25. Rxf4 fxg4 26. Nh4 Qe8 27.
Rxf8+ Kxf8 28. hxg4 Bd5 29. Qd3 Rc4 30. Qg3 Rb4 31. Bg2 g5 32. Bxd5 gxh4 33.
Qf3+ Kg8 34. Be4 Rxb2 35. Qf6 Rb4 36. Rd1 1-0

[Event "Festival INGEM - PLZEŇ 2012"]
[Site "Plzeň (Česká republika)"]
[Date "2012.08.21"]
[Round "5.6"]
[White "Ondrejat, Miroslav"]
[Black "Michalek, Jan"]
[Result "0-1"]
[WhiteElo "2060"]
[BlackElo "2327"]
[PlyCount "80"]
[EventDate "2012.08.18"]
[Source "ChessBase"]
[SourceDate "1996.11.15"]

1. Nf3 g6 2. e4 Bg7 3. d4 d6 4. Nc3 Nf6 5. Be2 O-O 6. O-O c5 7. d5 e6 8. a4
exd5 9. exd5 Na6 10. Bxa6 bxa6 11. Nd2 Rb8 12. Nc4 Rb4 13. Ne3 Ng4 14. Nxg4
Bxg4 15. Qd3 Bc8 16. a5 Qh4 17. Qg3 Qxg3 18. hxg3 Bf5 19. Re1 Bxc2 20. Re7 Rfb8
21. Bf4 Rxb2 22. Bxd6 Bxc3 23. Bxb8 Rxb8 24. Rc1 Bf6 25. Rc7 Bd3 26. R1xc5 Rb1+
27. Rc1 Rxc1+ 28. Rxc1 Kf8 29. Rc8+ Ke7 30. Rc7+ Ke8 31. Rxa7 Bd8 32. Kh2 Bxa5
33. g4 Bb6 34. Ra8+ Ke7 35. f4 a5 36. Kg3 Bc4 37. Rb8 Bc7 38. Rb7 Kd7 39. g5
Bxd5 40. Rb2 a4 0-1

[Event "Festival INGEM - PLZEŇ 2012"]
[Site "Plzeň (Česká republika)"]
[Date "2012.08.21"]
[Round "5.7"]
[White "Pokorny, Jiri"]
[Black "Vorobyov, Yrij"]
[Result "1-0"]
[WhiteElo "1939"]
[BlackElo "2254"]
[Annotator "Petr,Herejk"]
[PlyCount "49"]
[EventDate "2012.08.18"]
[Source "ChessBase"]
[SourceDate "1996.11.15"]

{Tato partie byla ocenena cenou za krasu. Bily Jirka Pokorny se vratil za
soutezni sachovnici po 5 letech a prokazal, ze nic nezapomnel ze sveho
utocneho stylu hry. V 5. kole nastoupil proti mistru FIDE Vorobyovovi, se svym
ratingem 1939 nehledel na rozdil vice nez 300 ELO bodu a po vyborne vedenem
utoku si pripsal vyhru v mniaturce.} 1. e4 c5 2. Nf3 a6 3. Nc3 e6 4. d4 cxd4 5.
Nxd4 b5 6. Bd3 Qb6 7. Nb3 Nc6 8. Be3 Qc7 9. f4 d6 10. O-O Nf6 11. Qf3 Bb7 12.
Qg3 Rc8 13. a3 e5 $2 {a tento tah je jiz prohravajici chybou, lepe bylo} (13...
g6 $14) 14. Nd5 $1 {s obeti pesce a otevrenim linii proti krali v centru
sachovnice} Nxd5 15. exd5 Ne7 16. fxe5 dxe5 17. Rae1 ({jeste lepsi bylo} 17.
Nc5 Nxd5 18. Nxb7 Nxe3 19. Qxe3 Qxb7 20. Qxe5+ $18) 17... Nxd5 18. Bd4 $1 f6 {
Diagram #} 19. Bxe5 $1 {druha z obeti - tentokrate obet strelce} fxe5 20. Rxe5+
Ne7 ({posledni sanci na vetsi odpor bylo} 20... Kd8) 21. Bg6+ $3 {obet druheho
strelce rychle ukoncuje partii} hxg6 22. Qxg6+ Kd7 23. Rd1+ Bd5 {a jeste
parada (ctvrta obet) na zaver} 24. Rdxd5+ $3 Nxd5 25. Qe6+ 1-0

[Event "Festival INGEM - PLZEŇ 2012"]
[Site "Plzeň (Česká republika)"]
[Date "2012.08.21"]
[Round "5.8"]
[White "Fiala, Jaroslav"]
[Black "Berka, Lubos"]
[Result "1-0"]
[WhiteElo "2225"]
[BlackElo "1862"]
[PlyCount "82"]
[EventDate "2012.08.18"]
[Source "ChessBase"]
[SourceDate "1996.11.15"]

1. e4 c6 2. Nc3 d5 3. Nf3 dxe4 4. Nxe4 Bf5 5. Ng3 Bg6 6. Bc4 e6 7. Qe2 Nd7 8.
d3 Nb6 9. Bb3 Nd5 10. Bd2 Ngf6 11. Ne4 Qc7 12. Nxf6+ Nxf6 13. Ne5 Bd6 14. Nxg6
hxg6 15. g3 O-O-O 16. O-O-O Nd5 17. d4 Be7 18. h4 Bf6 19. c3 Qe7 20. Kb1 Kb8
21. a3 Ka8 22. Bc2 Qc7 23. c4 Ne7 24. Bf4 Qc8 25. Be5 Bxe5 26. Qxe5 Rhg8 27. g4
Qb8 28. Qe3 Rd7 29. h5 gxh5 30. gxh5 Qd8 31. Qf4 f6 32. Rhg1 Nf5 33. Bxf5 exf5
34. Qxf5 Rxd4 35. Rxd4 Qxd4 36. Rxg7 Qd1+ 37. Ka2 Rd8 38. Qg4 Qxg4 39. Rxg4 Rh8
40. h6 Kb8 41. Rg6 f5 1-0

[Event "Festival INGEM - PLZEŇ 2012"]
[Site "Plzeň (Česká republika)"]
[Date "2012.08.21"]
[Round "5.9"]
[White "Sladek, Jaroslav"]
[Black "Vecera, Petr"]
[Result "1/2-1/2"]
[WhiteElo "2011"]
[BlackElo "1986"]
[PlyCount "28"]
[EventDate "2012.08.18"]
[Source "ChessBase"]
[SourceDate "1996.11.15"]

1. d4 d5 2. Bf4 e6 3. e3 Nf6 4. c3 c6 5. Bd3 g6 6. Nf3 Bg7 7. Nbd2 O-O 8. O-O
b6 9. Qc2 Ba6 10. Bxa6 Nxa6 11. b4 Nc7 12. a4 a6 13. Bxc7 Qxc7 14. a5 b5
1/2-1/2

[Event "Festival INGEM - PLZEŇ 2012"]
[Site "Plzeň (Česká republika)"]
[Date "2012.08.21"]
[Round "5.10"]
[White "Smilek, Petr"]
[Black "Hercik, Josef"]
[Result "1-0"]
[WhiteElo "1991"]
[BlackElo "1935"]
[PlyCount "123"]
[EventDate "2012.08.18"]
[Source "ChessBase"]
[SourceDate "1996.11.15"]

1. d4 d5 2. c4 e6 3. Nc3 Nf6 4. cxd5 exd5 5. Bg5 c6 6. e3 Be7 7. Bd3 O-O 8. Nf3
Re8 9. Qc2 Nbd7 10. O-O Ne4 11. Bxe4 dxe4 12. Nxe4 Bxg5 13. Nfxg5 Nf8 14. Qb3
Qc7 15. Rac1 h6 16. Nd6 hxg5 17. Nxe8 Qe7 18. Nxg7 Kxg7 19. d5 cxd5 20. Qxd5
Be6 21. Qa5 b6 22. Qc3+ f6 23. Qc7 Qxc7 24. Rxc7+ Kg6 25. b3 Nd7 26. f4 Nc5 27.
Re7 Bg4 28. h3 Be2 29. Rf2 Bd3 30. Rd2 a5 31. g4 f5 32. Re5 Rf8 33. Rxc5 bxc5
34. Rxd3 fxg4 35. hxg4 gxf4 36. Kf2 fxe3+ 37. Kxe3 Re8+ 38. Kf3 Re5 39. Rd6+
Kg5 40. Ra6 c4 41. bxc4 Rc5 42. Rd6 Rxc4 43. Rd5+ Kf6 44. Rxa5 Rb4 45. Kg3 Kg6
46. Kh4 Rb6 47. a4 Rd6 48. Rb5 Rd1 49. Rb6+ Kf7 50. a5 Ra1 51. a6 Ra5 52. g5
Ra1 53. Kg4 Ra4+ 54. Kh5 Ra1 55. Rb7+ Ke6 56. a7 Kf5 57. Rf7+ Ke6 58. g6 Rh1+
59. Kg5 Rg1+ 60. Kh6 Rh1+ 61. Kg7 Ra1 62. Kf8 1-0

[Event "Festival INGEM - PLZEŇ 2012"]
[Site "Plzeň (Česká republika)"]
[Date "2012.08.21"]
[Round "5.11"]
[White "Novy, Jan"]
[Black "Palkova, Hana"]
[Result "0-1"]
[WhiteElo "1723"]
[BlackElo "1971"]
[PlyCount "74"]
[EventDate "2012.08.18"]
[Source "ChessBase"]
[SourceDate "1996.11.15"]

1. c4 f5 2. Nc3 Nf6 3. g3 g6 4. Nf3 Bg7 5. d4 d6 6. Bg2 c6 7. Qc2 Qc7 8. O-O
O-O 9. b3 e5 10. e3 Na6 11. a3 Bd7 12. dxe5 dxe5 13. Bb2 Rac8 14. b4 Ng4 15.
Rac1 e4 16. Nd2 Ne5 17. Rb1 Be6 18. Ne2 Qf7 19. Bd4 Nxc4 20. Nxc4 Bxc4 21. Qb2
Bxd4 22. exd4 Nc7 23. Rfe1 Bxe2 24. Rxe2 Nd5 25. Rbe1 h6 26. f3 exf3 27. Bxf3
Nf6 28. b5 Ne4 29. bxc6 bxc6 30. Qc1 Qd5 31. Qe3 h5 32. Kg2 Kg7 33. Rb1 Rf7 34.
Reb2 Rfc7 35. Rb7 c5 36. dxc5 Rxb7 37. Rxb7+ Qxb7 0-1

[Event "Festival INGEM - PLZEŇ 2012"]
[Site "Plzeň (Česká republika)"]
[Date "2012.08.21"]
[Round "5.13"]
[White "Hajek, Jiri"]
[Black "Sura, Jaroslav"]
[Result "1-0"]
[WhiteElo "1874"]
[BlackElo "2123"]
[PlyCount "115"]
[EventDate "2012.08.18"]
[Source "ChessBase"]
[SourceDate "1996.11.15"]

1. e4 e5 2. Nf3 Nc6 3. Nc3 Nf6 4. d4 d6 5. dxe5 Nxe5 6. Nxe5 dxe5 7. Qxd8+ Kxd8
8. Bg5 c6 9. Bc4 Ke8 10. a3 b5 11. Bb3 b4 12. axb4 Bxb4 13. Bd2 Ke7 14. Ra4 a5
15. Nb1 Bc5 16. Bc3 Bd6 17. Nd2 Bc7 18. O-O Rd8 19. Rfa1 Be6 20. f3 Ra7 21.
Bxe6 Kxe6 22. Nc4 Nd7 23. Bxa5 Nc5 24. Bxc7 Rxa4 25. Rxa4 Rd1+ 26. Kf2 Nxa4 27.
Bxe5 f6 28. Bf4 Rb1 29. b3 Nc3 30. Bd2 Nb5 31. Ke2 Rh1 32. h3 Rg1 33. Ne3 Ra1
34. Kd3 Ra8 35. c3 Rd8+ 36. Ke2 g6 37. Nc2 Rd6 38. c4 Nd4+ 39. Nxd4+ Rxd4 40.
Be3 Rd7 41. b4 Rb7 42. Bd2 Ke5 43. Bc3+ Kf4 44. Kf2 f5 45. g3+ Kg5 46. f4+ Kh5
47. e5 g5 48. Ke3 gxf4+ 49. Kxf4 Kg6 50. e6 c5 51. bxc5 Rb3 52. Bd4 Rb4 53. Ke5
Kg7 54. Kd5+ Kf8 55. c6 Rb8 56. c7 Re8 57. Bc5+ Kg7 58. Be7 1-0

[Event "Festival INGEM - PLZEŇ 2012"]
[Site "Plzeň (Česká republika)"]
[Date "2012.08.21"]
[Round "5.14"]
[White "Eretova, Jana"]
[Black "Kantor, Jozef"]
[Result "1-0"]
[WhiteElo "2087"]
[BlackElo "1884"]
[PlyCount "59"]
[EventDate "2012.08.18"]
[Source "ChessBase"]
[SourceDate "1996.11.15"]

1. e4 d6 2. d4 Nf6 3. Nc3 g6 4. Nf3 Bg7 5. Be2 O-O 6. O-O e5 7. Bg5 Nc6 8. d5
Ne7 9. Nd2 h6 10. Be3 Nh7 11. Nc4 Kh8 12. Qd2 Ng8 13. f4 f5 14. Rad1 Qh4 15. g3
Qh3 16. Nb5 Nhf6 17. Bf3 fxe4 18. Bg2 Qd7 19. Nxa7 Ne7 20. Nxc8 Nxc8 21. fxe5
dxe5 22. Bxh6 Qe7 23. Qg5 Qc5+ 24. Ne3 Nd6 25. Qxg6 Rf7 26. Kh1 Bxh6 27. Qxh6+
Kg8 28. Nf5 Nc4 29. Qg6+ Kf8 30. Nh6 1-0

[Event "Festival INGEM - PLZEŇ 2012"]
[Site "Plzeň (Česká republika)"]
[Date "2012.08.21"]
[Round "5.15"]
[White "Chalus, Karel"]
[Black "Simacek, Vaclav"]
[Result "1-0"]
[WhiteElo "2049"]
[BlackElo "1829"]
[PlyCount "85"]
[EventDate "2012.08.18"]
[Source "ChessBase"]
[SourceDate "1996.11.15"]

1. e4 Nc6 2. d4 d5 3. exd5 Qxd5 4. Be3 Nf6 5. Nc3 Qa5 6. Bc4 Be6 7. Bxe6 fxe6
8. a3 O-O-O 9. Qd3 Qf5 10. Qxf5 exf5 11. Nf3 h6 12. O-O-O e6 13. Bf4 g5 14. Be5
Bg7 15. Rhe1 Rhe8 16. h3 g4 17. hxg4 fxg4 18. Nh4 Nxe5 19. dxe5 Rxd1+ 20. Nxd1
Nd5 21. Ng6 h5 22. Rh1 Bh6+ 23. Kb1 Rg8 24. c4 Rxg6 25. cxd5 exd5 26. Rxh5 d4
27. Kc2 c5 28. Kd3 Kd7 29. Ke4 Ke6 30. f4 gxf3 31. gxf3 Bg7 32. f4 Rg1 33. f5+
Kf7 34. e6+ Kf6 35. Nf2 Re1+ 36. Kf3 Rf1 37. Ke2 Rc1 38. Ne4+ Ke7 39. Rh7 Kf8
40. f6 d3+ 41. Kxd3 Bxf6 42. Nxf6 Re1 43. Rf7# 1-0

[Event "Festival INGEM - PLZEŇ 2012"]
[Site "Plzeň (Česká republika)"]
[Date "2012.08.21"]
[Round "5.16"]
[White "Dungl, Martin"]
[Black "Lorenc, David"]
[Result "1-0"]
[WhiteElo "1991"]
[BlackElo "1699"]
[PlyCount "97"]
[EventDate "2012.08.18"]
[Source "ChessBase"]
[SourceDate "1996.11.15"]

1. d4 Nf6 2. Nf3 c5 3. c3 cxd4 4. cxd4 d5 5. Nc3 Bf5 6. Qb3 Bc8 7. Bf4 a6 8. e3
Nc6 9. Ne5 e6 10. Be2 Bd6 11. Nxc6 bxc6 12. Bxd6 Qxd6 13. Na4 Rb8 14. Qc2 Qb4+
15. Kf1 Bb7 16. f3 Nd7 17. a3 Qd6 18. Kf2 O-O 19. Bd3 g6 20. h4 f5 21. f4 h5
22. b4 Ra8 23. Rab1 Nf6 24. Qc5 Qd8 25. Qc3 Rf7 26. Nc5 Qd6 27. Rhc1 Bc8 28.
Nb3 Bd7 29. Qe1 Rff8 30. Qe2 Rfb8 31. Rc5 Ne4+ 32. Bxe4 fxe4 33. Ra5 Bc8 34.
Nc5 Rb5 35. Rxb5 axb5 36. Ra1 Qe7 37. g3 Qa7 38. Nb3 Qb6 39. Na5 Rb8 40. g4 Qd8
41. Rh1 Qe8 42. gxh5 gxh5 43. Rg1+ Kh7 44. Rg5 Kh6 45. Nxc6 Rb7 46. Qd1 Rg7 47.
Rxg7 Kxg7 48. Qg1+ Kh8 49. Ne5 1-0

[Event "Festival INGEM - PLZEŇ 2012"]
[Site "Plzeň (Česká republika)"]
[Date "2012.08.21"]
[Round "5.17"]
[White "Kejzlar, Lubos"]
[Black "Hollan, Petr"]
[Result "1/2-1/2"]
[WhiteElo "1920"]
[BlackElo "1718"]
[PlyCount "27"]
[EventDate "2012.08.18"]
[Source "ChessBase"]
[SourceDate "1996.11.15"]

1. e4 e5 2. Nf3 Nc6 3. Nc3 Nf6 4. g3 Bc5 5. Bg2 d6 6. d3 Nd4 7. Na4 Nxf3+ 8.
Bxf3 Bb6 9. Nxb6 axb6 10. O-O O-O 11. Be3 h6 12. Qe2 Bh3 13. Bg2 Bxg2 14. Kxg2
1/2-1/2

[Event "Festival INGEM - PLZEŇ 2012"]
[Site "Plzeň (Česká republika)"]
[Date "2012.08.21"]
[Round "5.19"]
[White "Kalista, Karel"]
[Black "Hollan, Martin"]
[Result "0-1"]
[WhiteElo "1891"]
[BlackElo "1670"]
[PlyCount "112"]
[EventDate "2012.08.18"]
[Source "ChessBase"]
[SourceDate "1996.11.15"]

1. d4 Nf6 2. Bg5 e6 3. e3 c6 4. c3 h6 5. Bf4 d5 6. Nd2 Nbd7 7. Ngf3 c5 8. Bd3
c4 9. Bc2 b5 10. O-O Qb6 11. e4 Bb7 12. Qe2 Qc6 13. Rfe1 dxe4 14. Nxe4 Nxe4 15.
Bxe4 Qxe4 16. Qxe4 Bxe4 17. Rxe4 Nf6 18. Re2 Nd5 19. Be5 Kd7 20. Rae1 Re8 21.
Bg3 f6 22. Nh4 g5 23. Ng6 Rg8 24. Nxf8+ Rgxf8 25. Rf1 a5 26. f4 f5 27. fxg5
hxg5 28. Be5 Ra8 29. Rf3 g4 30. Rg3 Rg8 31. h3 gxh3 32. Rxh3 Rg6 33. Rh4 Kc6
34. Kf2 Rag8 35. g3 f4 36. Bxf4 Nxf4 37. gxf4 Rg2+ 38. Ke1 Rxe2+ 39. Kxe2 Rg2+
40. Ke3 Rxb2 41. Rh6 Kd7 42. Rh7+ Kd6 43. Rh6 Rc2 44. f5 Rxc3+ 45. Ke4 Rc2 46.
Rxe6+ Kd7 47. Kd5 Rf2 48. Rd6+ Ke7 49. Re6+ Kf7 50. Ke5 Re2+ 51. Kd6 Rxe6+ 52.
fxe6+ Ke8 53. e7 c3 54. Ke6 c2 55. d5 c1=Q 56. d6 Qc6 0-1

[Event "Festival INGEM - PLZEŇ 2012"]
[Site "Plzeň (Česká republika)"]
[Date "2012.08.21"]
[Round "5.20"]
[White "Maly, Antonin"]
[Black "Wittenberger, Stefan"]
[Result "1-0"]
[WhiteElo "1847"]
[BlackElo "1601"]
[PlyCount "61"]
[EventDate "2012.08.18"]
[Source "ChessBase"]
[SourceDate "1996.11.15"]

1. c4 Nf6 2. Nf3 c6 3. d4 d5 4. e3 Bf5 5. Nc3 Nbd7 6. Be2 dxc4 7. Bxc4 e6 8.
O-O Bd6 9. Bd3 Bg4 10. e4 e5 11. d5 cxd5 12. exd5 Nc5 13. Bb5+ Nfd7 14. b4 Na6
15. a3 Nab8 16. Ne4 Bc7 17. h3 Bf5 18. Nc5 Qc8 19. Nh4 Bg6 20. f4 f6 21. Ne6
Bb6+ 22. Kh1 Kf7 23. f5 a6 24. Bxd7 Qxd7 25. fxg6+ hxg6 26. Nxg6 Kxg6 27. Qg4+
Kh7 28. Rxf6 gxf6 29. Qh5+ Kg8 30. Qg6+ Qg7 31. Qxg7# 1-0

[Event "Festival INGEM - PLZEŇ 2012"]
[Site "Plzeň (Česká republika)"]
[Date "2012.08.21"]
[Round "5.21"]
[White "Roew, Rolf"]
[Black "Smrckova, Svetlana"]
[Result "1/2-1/2"]
[WhiteElo "1811"]
[BlackElo "1578"]
[PlyCount "66"]
[EventDate "2012.08.18"]
[Source "ChessBase"]
[SourceDate "1996.11.15"]

1. e4 c5 2. c3 d6 3. Nf3 Nd7 4. Be2 Ngf6 5. d3 e6 6. O-O a6 7. Na3 b5 8. Nc2
Bb7 9. Re1 Qc7 10. Bf4 e5 11. Bg5 c4 12. Rc1 Be7 13. Ne3 cxd3 14. Bxd3 Nc5 15.
Bxf6 Bxf6 16. Nd5 Qd8 17. Bc2 O-O 18. h3 Rc8 19. Qe2 Nd7 20. Rcd1 Nb6 21. Nxb6
Qxb6 22. Bb3 Rfd8 23. Bd5 Rc7 24. Bxb7 Qxb7 25. Rd5 Rc5 26. Red1 b4 27. Rxc5
dxc5 28. Rxd8+ Bxd8 29. Nxe5 bxc3 30. bxc3 Bf6 31. f4 Qb1+ 32. Kh2 Qc1 33. Qf3
Qd2 1/2-1/2

[Event "Festival INGEM - PLZEŇ 2012"]
[Site "Plzeň (Česká republika)"]
[Date "2012.08.21"]
[Round "5.22"]
[White "Heidebreck, Rainer"]
[Black "Molnar, Ladislav"]
[Result "1/2-1/2"]
[WhiteElo "1761"]
[BlackElo "1807"]
[PlyCount "98"]
[EventDate "2012.08.18"]
[Source "ChessBase"]
[SourceDate "1996.11.15"]

1. e4 e5 2. Nf3 Nc6 3. Bc4 Bc5 4. c3 d6 5. d4 exd4 6. cxd4 Bb4+ 7. Nbd2 Nf6 8.
O-O O-O 9. d5 Ne7 10. a3 Bc5 11. b4 Bb6 12. Bb2 Ng6 13. e5 dxe5 14. Nxe5 Nxe5
15. Bxe5 Nxd5 16. Nb3 Ne7 17. Qc2 Ng6 18. Rad1 Qg5 19. Bg3 Bf5 20. Qd2 Qxd2 21.
Rxd2 Rad8 22. Rfd1 Rxd2 23. Rxd2 c6 24. a4 Rd8 25. Rxd8+ Bxd8 26. Bb8 a6 27.
Nc5 Bc8 28. a5 Kf8 29. f3 Be7 30. Kf2 Bf6 31. Ne4 Be7 32. Bd6 f5 33. Bxe7+ Kxe7
34. Nc5 Ne5 35. Bg8 h6 36. Ke3 Kd6 37. Kd4 g5 38. Bb3 Ng6 39. g3 Ne5 40. Ke3
Ng6 41. f4 Ne7 42. fxg5 hxg5 43. Kd4 g4 44. Ke3 Nd5+ 45. Bxd5 Kxd5 46. Kd3 Ke5
47. Ke3 Be6 48. Kd3 Bd5 49. Ke3 Bc4 1/2-1/2

[Event "Festival INGEM - PLZEŇ 2012"]
[Site "Plzeň (Česká republika)"]
[Date "2012.08.21"]
[Round "5.26"]
[White "Fakan, Petr"]
[Black "Hrdlicka, Vaclav"]
[Result "0-1"]
[WhiteElo "1495"]
[BlackElo "1740"]
[PlyCount "46"]
[EventDate "2012.08.18"]
[Source "ChessBase"]
[SourceDate "1996.11.15"]

1. e4 c5 2. Nc3 Nc6 3. Nf3 d6 4. d4 cxd4 5. Nxd4 Nf6 6. Be3 a6 7. h3 e6 8. g3
Qc7 9. Bg2 Ne5 10. O-O Nc4 11. Bc1 Be7 12. b3 Ne5 13. Qd2 Bd7 14. Nf3 Nxf3+ 15.
Bxf3 Rc8 16. Bb2 O-O 17. Rac1 h6 18. Ne2 e5 19. c4 Bxh3 20. Bg2 Bxg2 21. Kxg2
Nxe4 22. Qd3 Qc6 23. Nc3 Nxc3+ 0-1

[Event "Festival INGEM - PLZEŇ 2012"]
[Site "Plzeň (Česká republika)"]
[Date "2012.08.21"]
[Round "5.30"]
[White "Kellner, Rene"]
[Black "Holy, Filip"]
[Result "0-1"]
[WhiteElo "1688"]
[BlackElo "1579"]
[PlyCount "126"]
[EventDate "2012.08.18"]
[Source "ChessBase"]
[SourceDate "1996.11.15"]

1. e4 c6 2. d4 d5 3. Nc3 dxe4 4. Nxe4 Bf5 5. Ng3 Bg6 6. Nf3 Nd7 7. Nh4 e6 8.
Nxg6 hxg6 9. Bf4 Ngf6 10. Bd3 Qb6 11. O-O Nd5 12. Bg5 N7f6 13. c4 Ne7 14. c5
Qc7 15. b4 Ned5 16. b5 Nh5 17. bxc6 bxc6 18. Qd2 Nhf4 19. Ba6 Be7 20. Bxe7 Kxe7
21. Rab1 Rab8 22. h3 Nf6 23. Rb2 Rxb2 24. Qxb2 Rb8 25. Qd2 N4d5 26. Re1 Rb4 27.
a3 Ra4 28. Qe2 Nf4 29. Qe5 Qxe5 30. dxe5 Rxa6 31. exf6+ gxf6 32. Re3 Ra5 33.
Rb3 Rb5 34. Rc3 Nd5 35. Rc1 Rb3 36. Ne4 f5 37. Nd6 a6 38. Kf1 Nc3 39. Nc8+ Kd8
40. Nb6 Rxa3 41. Nc4 Rb3 42. Na5 Rb1 43. Rxb1 Nxb1 44. Nxc6+ Kc7 45. Na5 Nd2+
46. Ke2 Ne4 47. Nb3 Kc6 48. Ke3 Nxc5 49. Nd4+ Kd5 50. Ne2 a5 51. Kf4 f6 52. Ke3
e5 53. Kd2 e4 54. Kc2 Kc4 55. f3 Nd3 56. g4 Ne1+ 57. Kb2 Nxf3 58. gxf5 gxf5 59.
Ng3 Nh4 60. Nh5 a4 61. Nf4 Kd4 62. Ka3 Ke3 63. Nd5+ Kf3 0-1

[Event "Festival INGEM - PLZEŇ 2012"]
[Site "Plzeň (Česká republika)"]
[Date "2012.08.22"]
[Round "6.1"]
[White "Kireev, Aleksei"]
[Black "Vlasak, Lukas"]
[Result "0-1"]
[WhiteElo "2345"]
[BlackElo "2291"]
[PlyCount "84"]
[EventDate "2012.08.18"]
[Source "ChessBase"]
[SourceDate "1996.11.15"]

1. d4 Nf6 2. Nf3 e6 3. Bg5 c5 4. e3 h6 5. Bh4 cxd4 6. Bxf6 Qxf6 7. exd4 b6 8.
Nbd2 Bb7 9. Bd3 Be7 10. Qe2 Nc6 11. c3 d5 12. Ne5 Bd6 13. Bb5 Bxe5 14. dxe5 Qe7
15. Nb3 O-O 16. Bxc6 Bxc6 17. Nd4 Bb7 18. f4 a5 19. h4 f6 20. g3 Ba6 21. Qe3 b5
22. a3 b4 23. axb4 axb4 24. Kf2 bxc3 25. bxc3 f5 26. Rhb1 Bc4 27. Qc1 Qc5 28.
Kg2 Bd3 29. Rb7 Be4+ 30. Kh3 Rxa1 31. Qxa1 Qc4 32. h5 Rc8 33. Kh4 Kh8 34. Ra7
Kh7 35. Re7 Kh8 36. Ra7 Kh7 37. Rb7 Kh8 38. Rd7 Qd3 39. Rxg7 Qd2 40. Qg1 Kxg7
41. Nxe6+ Kh8 42. g4 fxg4 0-1

[Event "Festival INGEM - PLZEŇ 2012"]
[Site "Plzeň (Česká republika)"]
[Date "2012.08.22"]
[Round "6.3"]
[White "Michalek, Jan"]
[Black "Plischki, Sebastian"]
[Result "0-1"]
[WhiteElo "2327"]
[BlackElo "2365"]
[PlyCount "82"]
[EventDate "2012.08.18"]
[Source "ChessBase"]
[SourceDate "1996.11.15"]

1. e4 c5 2. Nf3 e6 3. d4 cxd4 4. Nxd4 a6 5. Nc3 d6 6. g4 b5 7. Bg2 Bb7 8. a3
Nd7 9. g5 Ne7 10. h4 Rc8 11. Nde2 Nc6 12. Bf4 Nce5 13. h5 Be7 14. Qc1 Nc5 15.
Rh3 f5 16. gxf6 Bxf6 17. Qe3 O-O 18. Qg3 a5 19. Rd1 b4 20. axb4 axb4 21. Nb5
Nxe4 22. Bxe4 Bxe4 23. Rxd6 Qa5 24. Bxe5 Qxb5 25. Bxf6 Rxf6 26. Nd4 Qa4 27. Qh4
Bd5 28. Qg4 Rcf8 29. h6 Rg6 30. Qe2 gxh6 31. Nxe6 Qa1+ 32. Kd2 Bxe6 33. Rxe6
Qxb2 34. Qc4 Kg7 35. Qc7+ Rf7 36. Re7 Qd4+ 37. Rd3 Qxf2+ 38. Kc1 Rg1+ 39. Rd1
Rxd1+ 40. Kxd1 Qg1+ 41. Ke2 Qg4+ 0-1

[Event "Festival INGEM - PLZEŇ 2012"]
[Site "Plzeň (Česká republika)"]
[Date "2012.08.22"]
[Round "6.5"]
[White "Chudinovskikh, Alexander M"]
[Black "Smilek, Petr"]
[Result "1-0"]
[WhiteElo "2248"]
[BlackElo "1991"]
[PlyCount "47"]
[EventDate "2012.08.18"]
[Source "ChessBase"]
[SourceDate "1996.11.15"]

1. d4 Nf6 2. Nf3 g6 3. Bg5 Bg7 4. Nbd2 d5 5. e3 h6 6. Bh4 g5 7. Bg3 Nh5 8. Be5
f6 9. Nh4 g4 10. Bd3 O-O 11. Bg3 Nxg3 12. hxg3 f5 13. Ng6 Re8 14. c3 Nc6 15.
Qc2 e5 16. dxe5 Nxe5 17. Nxe5 Rxe5 18. O-O-O c5 19. Nc4 Re8 20. Bxf5 Rf8 21.
Rh5 Qe8 22. Rxd5 Kh8 23. Bxc8 Qxc8 24. Ne5 1-0

[Event "Festival INGEM - PLZEŇ 2012"]
[Site "Plzeň (Česká republika)"]
[Date "2012.08.22"]
[Round "6.6"]
[White "Palkova, Hana"]
[Black "Bartos, Jan"]
[Result "1/2-1/2"]
[WhiteElo "1971"]
[BlackElo "2211"]
[PlyCount "112"]
[EventDate "2012.08.18"]
[Source "ChessBase"]
[SourceDate "1996.11.15"]

1. d4 e6 2. Nf3 c5 3. c3 Nf6 4. Bf4 Nc6 5. e3 d5 6. Nbd2 Bd6 7. Bxd6 Qxd6 8.
Bd3 O-O 9. O-O e5 10. dxe5 Nxe5 11. Nxe5 Qxe5 12. Nf3 Qc7 13. Qc2 Re8 14. Bf5
Ne4 15. Bxc8 Raxc8 16. Rad1 Rcd8 17. Rd3 Re6 18. Rfd1 Red6 19. c4 dxc4 20. Qxc4
Rxd3 21. Rxd3 Rxd3 22. Qxd3 Qd6 23. Qxd6 Nxd6 24. Nd2 f6 25. Kf1 Kf7 26. Ke2
Ke6 27. Kd3 f5 28. f3 b5 29. b3 g6 30. a4 a6 31. Kc3 g5 32. axb5 axb5 33. Kd3
h5 34. h3 g4 35. hxg4 hxg4 36. Kc3 Kd5 37. Kd3 c4+ 38. Kc3 cxb3 39. Kxb3 Nc4
40. Nxc4 bxc4+ 41. Kc3 Kc5 42. e4 fxe4 43. fxe4 g3 44. e5 Kd5 45. e6 Kxe6 46.
Kxc4 Ke5 47. Kd3 Kf4 48. Kd4 Kf5 49. Ke3 Kg4 50. Ke4 Kg5 51. Kf3 Kh4 52. Kf4
Kh5 53. Kxg3 Kg5 54. Kf3 Kf5 55. g4+ Kg5 56. Kg3 Kg6 1/2-1/2

[Event "Festival INGEM - PLZEŇ 2012"]
[Site "Plzeň (Česká republika)"]
[Date "2012.08.22"]
[Round "6.7"]
[White "Pokorny, Jiri"]
[Black "Mukashev, Assan"]
[Result "0-1"]
[WhiteElo "1939"]
[BlackElo "2217"]
[PlyCount "72"]
[EventDate "2012.08.18"]
[Source "ChessBase"]
[SourceDate "1996.11.15"]

1. e4 e6 2. d4 d5 3. Nc3 Nf6 4. e5 Nfd7 5. f4 c5 6. dxc5 Bxc5 7. Qg4 g6 8. Nf3
a6 9. Bd3 Nc6 10. h4 h5 11. Qg3 Qe7 12. a3 b5 13. b4 Ba7 14. Bb2 Bb7 15. O-O-O
Nb6 16. Ne2 O-O-O 17. Bd4 Nxd4 18. Nfxd4 Nc4 19. Bxc4 dxc4 20. c3 Be4 21. Qf2
Qb7 22. Rhg1 Rd7 23. g3 Rhd8 24. Rd2 Bf5 25. Qe3 Bg4 26. Rgd1 Bb6 27. Kc2 Rd5
28. Kc1 R8d7 29. Kc2 Qc7 30. Kc1 Qd8 31. Qe4 Kc7 32. Qc2 Bxe2 33. Nxe2 Rxd2 34.
Rxd2 Be3 35. Nd4 Rxd4 36. cxd4 Qxd4 0-1

[Event "Festival INGEM - PLZEŇ 2012"]
[Site "Plzeň (Česká republika)"]
[Date "2012.08.22"]
[Round "6.8"]
[White "Cecil, Pavel"]
[Black "Eretova, Jana"]
[Result "0-1"]
[WhiteElo "1965"]
[BlackElo "2087"]
[PlyCount "38"]
[EventDate "2012.08.18"]
[Source "ChessBase"]
[SourceDate "1996.11.15"]

1. d4 d6 2. c4 g6 3. Nc3 Bg7 4. Nf3 Nd7 5. g3 e5 6. Bg2 Ne7 7. dxe5 dxe5 8. e4
O-O 9. O-O Nc5 10. Be3 Ne6 11. Qxd8 Rxd8 12. Rfd1 Bd7 13. Rd2 Nc6 14. Rad1 Ncd4
15. b4 a5 16. a3 axb4 17. axb4 Ra3 18. Bxd4 exd4 19. Rd3 Rxc3 0-1

[Event "Festival INGEM - PLZEŇ 2012"]
[Site "Plzeň (Česká republika)"]
[Date "2012.08.22"]
[Round "6.9"]
[White "Bartosek, Ivan"]
[Black "Ondrejat, Miroslav"]
[Result "0-1"]
[WhiteElo "1941"]
[BlackElo "2060"]
[PlyCount "30"]
[EventDate "2012.08.18"]
[Source "ChessBase"]
[SourceDate "1996.11.15"]

1. e4 c5 2. c3 e6 3. d4 d5 4. e5 Nc6 5. f4 Nh6 6. Be3 Nf5 7. Bf2 cxd4 8. cxd4
h5 9. Nf3 Qb6 10. Qd2 Bd7 11. Nc3 Na5 12. h3 Rc8 13. Bd3 Nc4 14. Bxc4 Rxc4 15.
b3 Rxc3 0-1